| 000 | 01560nam a2200301 i 4500 | ||
|---|---|---|---|
| 001 | 103310 | ||
| 003 | ES-MaACL | ||
| 005 | 20250908233108.0 | ||
| 007 | t| | ||
| 008 | 060215s1968 sp a |||| | spa d | ||
| 080 | _a75.036(460)(083.824) | ||
| 245 | 0 | 0 |
_aJoan González, Julio González, Roberta González _b: [exposición, Sala de Santa Catalina del Ateneo de Madrid, 22 de marzo-10 de mayo de 1968, y posteriormente Palacio de la Virreina de Barcelona] / _cTexto: Carlos Areán... [et al.]. |
| 260 |
_a[Madrid] : _bPublicaciones Españolas, _c[1968] |
||
| 300 |
_a[54] p. : _bil. ; _c28 cm. |
||
| 490 | 1 |
_aCuadernos de arte. Colección ordinaria ; _v247 |
|
| 500 | _aMonografía editada con motivo de las exposiciones de Joan González, de Julio González y de Roberta González, que se celebrarán consecutivamente en la Sala de Santa Catalina del Ateneo de Madrid, entre el 22 de marzo y el 10 de mayo de 1968, y luego conjuntamente en el Palacio de la Virreina de Barcelona. | ||
| 600 | 1 | 4 |
_aGonzález, Joan- _vExposiciones. _958328 |
| 600 | 0 | 4 |
_aGonzález, Julio, _d1876-1942- _vExposiciones _958348 |
| 600 | 1 | 4 |
_aGonzález, Roberta- _vExposiciones. _958379 |
| 610 | 2 | 7 |
_aAteneo de Madrid- _vExposiciones- _y1960-1969. _91920 |
| 655 | 7 |
_2tgfbne _9193628 _aCatálogos de exposiciones |
|
| 700 | 1 |
_aAreán, Carlos, _d1921-1996 _922562 |
|
| 710 | 2 |
_aAteneo de Madrid. _bSala de Santa Catalina. _91964 |
|
| 830 | 0 |
_aCuadernos de arte. Colección ordinaria _v247 _9180064 |
|
| 852 |
_aES-MaACL _j2202-F-13 |
||
| 942 | _2udc | ||
| 999 |
_c103310 _d103310 |
||